[Event "Harrogate 4NCL op-B 21st"]
[Site "Harrogate"]
[Date "2019.01.20"]
[Round "5"]
[White "Daley, Mark"]
[Black "Smith, Steve"]
[Result "1-0"]
[WhiteElo "1982"]
[BlackElo "1736"]
[PlyCount "83"]
[EventDate "2019.01.18"]
[EventType "swiss"]
[EventRounds "5"]
[EventCountry "ENG"]
[SourceTitle "CBM 188 Extra"]
[Source "ChessBase"]
[SourceDate "2019.02.28"]
[SourceVersion "1"]
[SourceVersionDate "2019.02.28"]
[SourceQuality "1"]

1. e4 e6 2. d4 d5 3. Nd2 Nf6 4. e5 Nfd7 5. Bd3 c5 6. c3 Nc6 7. Ne2 Qb6 8. Nf3 cxd4 9. cxd4 f6 10. exf6 Nxf6 11. 0-0 Bd6 12. Nc3 0-0 13. Re1 a6 14. a3 Qc7 15. Bc2 e5 16. Nxd5 Nxd5 17. dxe5 Be7 18. Qxd5+ Kh8 19. Be4 Bg4 20. b4 Rad8 21. Qc4 Bxf3 22. Bxf3 Rd4 23. Qc3 Rfd8 24. Bb2 Bg5 25. Bxc6 bxc6 26. Qg3 Bd2 27. Bxd4 Bxe1 28. Qe3 Qd7 29. Rd1 Qg4 30. Qxe1 Rxd4 31. Rxd4 Qxd4 32. e6 Qd8 33. e7 Qe8 34. Qe6 g6 35. f4 Kg7 36. g4 Kh8 37. Kf2 Kg7 38. Kg3 Kh8 39. f5 gxf5 40. gxf5 Qb8+ 41. Kg2 Qe8 42. Kf2 1-0